Webová aplikácia na vytváranie entitno relačných modelov - serverová časť
Saved in:
| Main Author: | |
|---|---|
| Other Authors: | |
| Format: | Manuscript Book |
| Language: | Slovak |
| Published: |
Bratislava :
STU v Bratislave FEI,
2023
|
| Subjects: | |
| Online Access: | https://opac.crzp.sk/?fn=detailBiblioFormChildCJ5VI&sid=925BFB95FAA30F229095C6019F0C&seo=CRZP-detail-kniha |
| Tags: |
No Tags, Be the first to tag this record!
|
MARC
| LEADER | 00000ntm a22000003a 4500 | ||
|---|---|---|---|
| 001 | stuzp91927 | ||
| 003 | SK-STU | ||
| 005 | 20241113123649.2 | ||
| 007 | ta | ||
| 008 | 150427s2015----xo-----f-mn---000-0-slo-d | ||
| 040 | |a STU |b slo | ||
| 041 | 0 | |a slo | |
| 044 | |a xo | ||
| 100 | 1 | |a Kučmín, Adam |u 035000 |4 aut |U FEI Fakulta elektrotechniky a informatiky |T FEI Ústav informatiky a matematiky |X 111331 |U E050 |Y 816 |7 111331 | |
| 242 | 0 | 1 | |a Web Application for Creating Entity Relationship Models - Backend |y eng |
| 245 | 1 | 0 | |a Webová aplikácia na vytváranie entitno relačných modelov - serverová časť |
| 260 | |a Bratislava : |b STU v Bratislave FEI, |c 2023 | ||
| 300 | |a 53 s., príl. | ||
| 650 | 4 | |a MySQL |2 slo | |
| 650 | 4 | |a Java |2 slo | |
| 650 | 4 | |a Spring Boot |2 slo | |
| 650 | 4 | |a backend |2 slo | |
| 650 | 4 | |a serverová aplikácia |2 slo | |
| 650 | 4 | |a backend |2 eng | |
| 650 | 4 | |a server application |2 eng | |
| 650 | 4 | |a Spring Boot |2 eng | |
| 650 | 4 | |a Mysql |2 eng | |
| 650 | 4 | |a Java |2 eng | |
| 700 | 1 | |a Novák, Vladislav |u 035000 |k Z1 |4 ths |U FEI Fakulta elektrotechniky a informatiky |T FEI Ústav informatiky a matematiky |X 10137 |U E050 |Y 816 |7 A000010137 | |
| 856 | 4 | |u https://opac.crzp.sk/?fn=detailBiblioFormChildCJ5VI&sid=925BFB95FAA30F229095C6019F0C&seo=CRZP-detail-kniha | |